<?xml version="1.0" encoding="UTF-8"?>
<record
    xmlns:xsi="http://www.w3.org/2001/XMLSchema-instance"
    xsi:schemaLocation="http://www.loc.gov/MARC21/slim http://www.loc.gov/standards/marcxml/schema/MARC21slim.xsd"
    xmlns="http://www.loc.gov/MARC21/slim">

  <leader>03761nam a2200301   4500</leader>
  <controlfield tag="001">226</controlfield>
  <controlfield tag="003">OSt</controlfield>
  <controlfield tag="005">20250328094003.0</controlfield>
  <controlfield tag="008">250204b        |||||||g |||| 00| e eng d</controlfield>
  <datafield tag="020" ind1=" " ind2=" ">
    <subfield code="a">851064211</subfield>
  </datafield>
  <datafield tag="040" ind1=" " ind2=" ">
    <subfield code="b">por</subfield>
  </datafield>
  <datafield tag="041" ind1=" " ind2=" ">
    <subfield code="h">ita</subfield>
    <subfield code="a">por</subfield>
  </datafield>
  <datafield tag="082" ind1=" " ind2=" ">
    <subfield code="a">370</subfield>
    <subfield code="b">E19s</subfield>
  </datafield>
  <datafield tag="100" ind1="1" ind2=" ">
    <subfield code="a">Eco, Umberto,</subfield>
    <subfield code="d">1932-2016</subfield>
    <subfield code="9">409</subfield>
  </datafield>
  <datafield tag="240" ind1=" " ind2=" ">
    <subfield code="a">Sulla letteratura</subfield>
  </datafield>
  <datafield tag="245" ind1=" " ind2=" ">
    <subfield code="a">Sobre a Literatura /</subfield>
    <subfield code="c">Eco, Umberto ; Tradu&#xE7;&#xE3;o de Eliana Aguiar</subfield>
  </datafield>
  <datafield tag="250" ind1=" " ind2=" ">
    <subfield code="a">2&#xB0; edi&#xE7;&#xE3;o</subfield>
  </datafield>
  <datafield tag="260" ind1=" " ind2=" ">
    <subfield code="a">Rio de Janeiro</subfield>
    <subfield code="b">Record</subfield>
    <subfield code="c">2003</subfield>
  </datafield>
  <datafield tag="300" ind1=" " ind2=" ">
    <subfield code="a">305 p.</subfield>
  </datafield>
  <datafield tag="520" ind1=" " ind2=" ">
    <subfield code="a">"A leitura de obras liter&#xE1;rias nos obriga a um exerc&#xED;cio de fidelidade e de respeito na liberdade da interpreta&#xE7;&#xE3;o. H&#xE1; uma perigosa heresia cr&#xED;tica, t&#xED;pica de nossos dias, para a qual de uma obra liter&#xE1;ria pode-se fazer o que se queira, nelas lendo aquilo que nossos mais incontrol&#xE1;veis impulsos nos sugerirem. N&#xE3;o &#xE9; verdade. As obras liter&#xE1;rias nos convidam &#xE0; liberdade da interpreta&#xE7;&#xE3;o, pois prop&#xF5;em um discurso com muitos planos de leitura e nos colocam diante das ambig&#xFC;idades, da linguagem e da vida."

Umberto Eco



SOBRE A LITERATURA &#xE9; uma colet&#xE2;nea para estudiosos, cr&#xED;ticos e amantes da literatura. Aqui, vemos um Eco distinto: conferencista brilhante, contador de anedotas, interlocutor espirituoso e amante dos livros. A obra re&#xFA;ne uma s&#xE9;rie de escritos centrados no problema da literatura e estimulados por encontros, simp&#xF3;sios, congressos ou antologias para os quais o autor foi convidado. "Todos os escritos foram adaptados para este livro, &#xE0;s vezes, abreviados, &#xE0;s vezes ampliados, outras ainda desembara&#xE7;ados de refer&#xEA;ncias demasiado ligadas &#xE0; situa&#xE7;&#xE3;o", explica Umberto Eco.

Nos riqu&#xED;ssimos textos de SOBRE A LITERATURA, Umberto Eco - o mais importante intelectual italiano deste s&#xE9;culo - ensina a ler e compreender grandes mestres da literatura. De Arist&#xF3;teles a Borges, passando pela fina ironia de Oscar Wilde, Eco revela bastidores de grandes cl&#xE1;ssicos liter&#xE1;rios. "Uma abordagem transversal do campo liter&#xE1;rio, visceralmente contr&#xE1;ria ao seq&#xFC;estro do texto ou &#xE0; leitura quebrada, em favor de uma falsa ou irrespons&#xE1;vel abertura", conta Marco Lucchesi, escritor e um dos melhores tradutores de Eco do pa&#xED;s.

Eco analisa de modo detalhado todos os elementos de cada hist&#xF3;ria. Alguns textos s&#xE3;o autobiogr&#xE1;ficos ou at&#xE9; mesmo autocr&#xED;ticos: "por vezes &#xE9; necess&#xE1;rio, para explicar o que se entende por literatura, recorrer tamb&#xE9;m &#xE0;s pr&#xF3;prias experi&#xEA;ncias", argumenta o autor. SOBREA A LITERATURA trata das atividades de escritor detalhadas por um Eco escritor e n&#xE3;o pela sua faceta de te&#xF3;rico. "N&#xE3;o me agrada, em geral, a mistura dos dois pap&#xE9;is", diz.

O leitor poder&#xE1; notar, ainda, o retorno, em escritos diversos, e talvez com uma dist&#xE2;ncia de anos, de um exemplo ou tema. "Como em O p&#xEA;ndulo de Foucault, este livro cresce numa espiral tem&#xE1;tica, marcada por uma tens&#xE3;o de dist&#xE2;ncia e proximidade, resson&#xE2;ncia e disson&#xE2;ncia", explica Marco Lucchesi, que assina a orelha de SOBRE A LITERATURA.



Umberto Eco nasceu em Alexandria, It&#xE1;lia, em 1932. &#xC9; professor de Semiologia na Universidade de Bolonha e dirige a revista VS. Entre suas obras ensa&#xED;sticas destacam-se: Obra aberta, Di&#xE1;rio m&#xED;nimo, A estrutura ausente, Tratado geral de semi&#xF3;tica, Seis passeios pelo bosque da fic&#xE7;&#xE3;o, Segundo di&#xE1;rio m&#xED;nimo, Kant e o ornitorrinco, Cinco escritos morais e Em que cr&#xEA;em os que n&#xE3;o cr&#xEA;em. Como romancista Eco publicou O nome da rosa, O p&#xEA;ndulo de Foucault, A ilha do dia anterior e Baudolino.</subfield>
  </datafield>
  <datafield tag="650" ind1=" " ind2="0">
    <subfield code="a">Literatura italiana</subfield>
    <subfield code="9">164</subfield>
  </datafield>
  <datafield tag="650" ind1=" " ind2="0">
    <subfield code="a">Teoria</subfield>
    <subfield code="9">6</subfield>
  </datafield>
  <datafield tag="650" ind1=" " ind2="0">
    <subfield code="a">Escrita</subfield>
    <subfield code="9">418</subfield>
  </datafield>
  <datafield tag="650" ind1=" " ind2="0">
    <subfield code="a">Educa&#xE7;&#xE3;o </subfield>
    <subfield code="9">20</subfield>
  </datafield>
  <datafield tag="655" ind1=" " ind2="0">
    <subfield code="a">Ensaio</subfield>
    <subfield code="9">417</subfield>
  </datafield>
  <datafield tag="700" ind1=" " ind2=" ">
    <subfield code="a">Eliana Aguiar</subfield>
    <subfield code="e">Tradutor</subfield>
    <subfield code="9">412</subfield>
  </datafield>
  <datafield tag="942" ind1=" " ind2=" ">
    <subfield code="2">ddc</subfield>
    <subfield code="n">0</subfield>
    <subfield code="c">BK</subfield>
  </datafield>
  <datafield tag="952" ind1=" " ind2=" ">
    <subfield code="0">0</subfield>
    <subfield code="1">0</subfield>
    <subfield code="2">ddc</subfield>
    <subfield code="4">0</subfield>
    <subfield code="7">0</subfield>
    <subfield code="8">ENS</subfield>
    <subfield code="a">BIBIB</subfield>
    <subfield code="b">BIBIB</subfield>
    <subfield code="c">GEN</subfield>
    <subfield code="d">2015-12-12</subfield>
    <subfield code="e">doa&#xE7;&#xE3;o</subfield>
    <subfield code="l">0</subfield>
    <subfield code="o">370 / E19s</subfield>
    <subfield code="p">2025-14826</subfield>
    <subfield code="r">2025-02-04 07:53:18</subfield>
    <subfield code="w">2025-02-04</subfield>
    <subfield code="y">BK</subfield>
  </datafield>
  <datafield tag="999" ind1=" " ind2=" ">
    <subfield code="c">226</subfield>
    <subfield code="d">226</subfield>
  </datafield>
</record>
